000 00702nam a22002417a 4500
005 20170124110042.0
010 _aA-992023
020 _c00.00
_a8171414729
035 _aA-992023
037 _bCen Lib/Ret
040 _aDPL
_bEN
082 _a796.44
_bDUB
100 _aDubey, H.C.
_972445
245 _aGymnastics /
_cby H.C.Dubey
260 _c1999
_aNew Delhi
_bDiscovery Publishing House
270 _bNew Delhi
_a4831/24, Ansari Road, Prahlad Street, Daryaganj
_e110002
300 _avi,220p.
_c20cm(Hb)
490 _aDPH Sports Series
500 _aIncludes index
650 _aBody Management
_923875
650 _aExercise
_923876
942 _2ddc
_cEN
_h796.44
_mDUB
999 _c128598
_d128598